Obraz mniejszości narodowych w poznańskiej prasie konserwatywnej w latach 1918-1939

Bibliographic Details
Main Author: Wrzesińska, Katarzyna (Author)
Format: Book
Language:Polish
PhysicalDescription:234 s. 24 cm
Published: Poznań Poznańskie Towarzystwo Przyjaciół Nauk 2002
ISBN:8370633072
ISSN:0079-4651
Series:Prace Komisji Historycznej
Subjects:

MARC

LEADER 00000nam a2200000 a 4500
001 vtls001433724
003 SK-MaSNL
005 20260301013324.0
008 251113sm y0 pl r 0 pol
020 |a 8370633072  |c [210,00] 
035 |a SNK000388795 
040 |a SNK  |b slo  |c SNK  |e AACR2 
043 |a e-pl--- 
044 |a PL 
072 7 |a 323  |x Vnútropolitický vývoj, politický život  |2 konspekt 
080 |a 323.15  |2 1981 
080 |a 323.1  |2 1981 
080 |a (438)  |2 1981 
080 |a (048.8)  |2 1981 
100 1 |a Wrzesińska, Katarzyna  |4 aut  |9 299874 
245 1 0 |a Obraz mniejszości narodowych w poznańskiej prasie konserwatywnej w latach 1918-1939  |c Katarzyna Wrzesińska 
260 |a Poznań  |b Poznańskie Towarzystwo Przyjaciół Nauk  |c 2002 
300 |a 234 s.  |c 24 cm 
490 1 |a Prace Komisji Historycznej  |v t. 59  |x 0079-4651 
500 |a Súbež.tit. strana angl. 
650 0 7 |a národnostné menšiny  |z Poľsko  |y r. 1918-1939  |2 SNK  |9 299875 
651 7 |a Poľsko  |x národnostné pomery  |y r. 1918-1939  |2 SNK  |9 299876 
655 7 |a príručky  |2 SNK  |9 74364 
655 7 |a štúdie  |2 SNK  |9 57033 
830 0 |a Prace Komisji Historycznej  |9 299877 
919 |a 83-7063-307-2 
999 |c 555792  |d 557722 
952 |t P60, <04>, [BOOK], {604}  |a SNK  |b SNK  |y VYP  |7 0  |p 17A0353968  |o snkIC 130173  |i snkV 932/2002  |0 0  |1 0  |4 0  |d 2002-08-26  |l 0  |r 2005-01-02 00:00:00  |w 2026-02-23